Environmental impact assessment: what's next? (Record no. 118075)

MARC details
000 -LEADER
fixed length control field 01744cam a2200277 4500
001 - CONTROL NUMBER
control field ABS68237
008 - FIXED-LENGTH DATA ELEMENTS--GENERAL INFORMATION
fixed length control field 040928n2004 000 0 eng u
035 ## - SYSTEM CONTROL NUMBER
System control number (Sirsi) u127547
100 ## - MAIN ENTRY--PERSONAL NAME
Personal name Harwood, R.
245 ## - TITLE STATEMENT
Title Environmental impact assessment: what's next?
260 ## - PUBLICATION, DISTRIBUTION, ETC.
Date of publication, distribution, etc. 2004
490 ## - SERIES STATEMENT
Series statement Journal of Planning and Environment Law
Volume/sequential designation September 2004, 1161-1175(14)
520 ## - SUMMARY, ETC.
Summary, etc. Refers extensively to case law throughout to explain the application of applying an Environmental Impact Assessment (EIA) in a variety of different scenarios including development consents and s73 applications. Traces the origin and development of the EIA concept on a global basis. Looks at the impact of "R v SoS Transport ex parte Wells" (C-201/02, X125853) on a range of EIA scenarios. Mentions the first Privy Council decision on EIA, "Belize Alliance of Conservation Non-Government Organisations v Department of the Environment and another" ([2004] UKPC 6). Comments on "Shiu Wing Steel Ltd v Director Environmental Protection" (HCAL184/2002) with an explanation of the EIA system in Hong Kong. The author notes that " Shiu Wing" is due to go to appeal in September 2004.
590 ## - LOCAL NOTE (RLIN)
Local note ABS
590 ## - LOCAL NOTE (RLIN)
Local note ABS
650 ## - SUBJECT ADDED ENTRY--TOPICAL TERM
Topical term or geographic name entry element ENVIRONMENTAL IMPACT ASSESSMENTS
650 ## - SUBJECT ADDED ENTRY--TOPICAL TERM
Topical term or geographic name entry element R V SOS TRANSPORT EX P WELLS
650 ## - SUBJECT ADDED ENTRY--TOPICAL TERM
Topical term or geographic name entry element DEVELOPMENT CONSENTS
650 ## - SUBJECT ADDED ENTRY--TOPICAL TERM
Topical term or geographic name entry element R V NORTH YORKSHIRE CC EX P BROWN AND ANOTHER
650 ## - SUBJECT ADDED ENTRY--TOPICAL TERM
Topical term or geographic name entry element R V LONDON UNDERGROUND LTD EX P PROKOPP
650 ## - SUBJECT ADDED ENTRY--TOPICAL TERM
Topical term or geographic name entry element BELIZE ALLIANCE OF CONSERVATION NON-GOVERNMENT ORGANISATIONS V DEPARTMENT OF THE ENVIRONMENT AND ANOTHER
650 ## - SUBJECT ADDED ENTRY--TOPICAL TERM
Topical term or geographic name entry element SHIU WING STEEL LTD V DIRECTOR ENIVORNMENTAL PROTECTION
650 ## - SUBJECT ADDED ENTRY--TOPICAL TERM
Topical term or geographic name entry element TOWN AND COUNTRY PLANNING ACT 1990 S73
690 ## - LOCAL SUBJECT ADDED ENTRY--TOPICAL TERM (OCLC, RLIN)
Topical term or geographic name as entry element ENVIRONMENT
9 (RLIN) 6238
942 ## - ADDED ENTRY ELEMENTS (KOHA)
Suppress in OPAC 0
Holdings
Withdrawn status Lost status Source of classification or shelving scheme Damaged status Not for loan Home library Current library Shelving location Date acquired Total Checkouts Full call number Barcode Date last seen Copy number Price effective from Koha item type
    Dewey Decimal Classification     London London Journal article 28/09/2004   ABS68237 127547-1001 06/08/2019 1 06/08/2019 Journal article